Grazing management
Αποθηκεύτηκε σε:
| Κύριος συγγραφέας: | |
|---|---|
| Μορφή: | Βιβλίο |
| Γλώσσα: | English |
| Δημοσίευση: |
San Diego :
Academic Press,
c2001
|
| Έκδοση: | 2nd ed. |
| Θέματα: | |
| Ετικέτες: |
Προσθήκη ετικέτας
Δεν υπάρχουν, Καταχωρήστε ετικέτα πρώτοι!
|
MARC
| LEADER | 00000nam a2200000 i 4500 | ||
|---|---|---|---|
| 001 | 1/55267 | ||
| 008 | 070919s2001 eng d | ||
| 020 | |a 0-12-710001-6 (hbk.) | ||
| 035 | |l 10090817 | ||
| 040 | |a GR-MY-UA |b gre |e aacr | ||
| 041 | 0 | |a eng | |
| 082 | 0 | |a 633.202 |2 (22) | |
| 100 | 1 | |a Vallentine, John F. | |
| 245 | 1 | 0 | |a Grazing management / |c John F. Vallentine |
| 250 | |a 2nd ed. | ||
| 260 | |a San Diego : |b Academic Press, |c c2001 | ||
| 300 | |a xii, 659 σ.; |b εικ.; |c 24 εκ. | ||
| 504 | |a Βιβλιογραφία: σ. 579-650 | ||
| 504 | |a Περιέχει ευρετήριο | ||
| 650 | 0 | 0 | |a Grazing |x Management. |
| 650 | 0 | 0 | |a Range management. |
| 650 | 0 | 0 | |a Forage plants. |
| 852 | |a INST |b LESVOS |e 20070919 |h 633.202 VAL |p 005100039072 |q 005100039072 |t BK |y 0 | ||
| 901 | |a BIBL1-2007-3 | ||
| 909 | |a Λ |b 138957 | ||
| 922 | |a 1ΕΛΗ |b 200708 |c ΕΠΕΑΕΚ2/ΤΠ |d ΕΛΕΥΘΕΡΟΥΔΑΚΗΣ | ||
| 970 | |a ΒΑΡΚΑ |b ΕΛΕΥΘΕΡΙΑ |z 2007/09/19 | ||